Použitie metrík pri meraní efektívnosti IS/IT
Metriky, ako nástroj merania, vyhodnocovania a riadenia výkonnosti procesu istého projektu sú nesmierne potrebné pre smerovanie, napredovanie, alebo predvídanie jeho úspešnosti. Voľba vhodnej štruktúry a modelov metrík, ktoré budú dávať presný obraz o danom procese a jeho efektivite.
Na minha lista:
| Autor principal: | |
|---|---|
| Formato: | Capítulo de Livro |
| Idioma: | eslovaco |
| Assuntos: | |
| Tags: |
Sem tags, seja o primeiro a adicionar uma tag!
|
MARC
| LEADER | 00000nla a2200000 4500 | ||
|---|---|---|---|
| 001 | 0228244 | ||
| 005 | 20240502073746.1 | ||
| 041 | 0 | |a slo | |
| 044 | |a SK | ||
| 245 | 1 | 0 | |a Použitie metrík pri meraní efektívnosti IS/IT |c Miloš Bodiš |
| 520 | |a Metriky, ako nástroj merania, vyhodnocovania a riadenia výkonnosti procesu istého projektu sú nesmierne potrebné pre smerovanie, napredovanie, alebo predvídanie jeho úspešnosti. Voľba vhodnej štruktúry a modelov metrík, ktoré budú dávať presný obraz o danom procese a jeho efektivite. | ||
| 610 | 2 | 0 | |a manažment informačný |
| 610 | 2 | 0 | |a systémy informačné |
| 610 | 2 | 0 | |a správa spoločnosti |
| 610 | 2 | 0 | |a proces informačný |
| 610 | 2 | 0 | |a informatika |
| 610 | 2 | 0 | |a meranie |
| 610 | 2 | 0 | |a efektívnosť |
| 100 | 1 | |a Bodiš, Miloš | |